Statistics for Towns of Malta

Click here to take the quiz!

General Stats

  • This quiz has been taken 318 times
    (228 since last reset)
  • The average score is 12 of 32

Answer Stats

PopulationTown% Correct
5.891Valletta
92%
11.553Rabat
63%
24.358Sliema
59%
25.463Birkirkara
57%
32.204St. Paul's Bay
56%
5.823Marsa
51%
21.426Mosta
49%
14.939San Ġiljan
46%
17.287Qormi
44%
6.379Luqa
43%
11.823Mellieħa
43%
6.634Victoria
40%
15.244Naxxar
38%
12.542Żebbuġ
37%
11.533Żejtun
35%
15.504Marsaskala
34%
10.075Ħamrun
33%
9.073Paola
33%
15.660Żabbar
33%
5.184Bormla
32%
15.364Msida
32%
11.630Attard
31%
8.843Siġġiewi
31%
11.140Żurrieq
31%
15.107San Ġwann
29%
13.453Birżebbuġa
28%
12.816Gżira
28%
15.565Swieqi
28%
8.863Tarxien
25%
12.877Fgura
23%
5.255Pietà
20%
7.909San Venera
4%

Score Distribution

Percentile by Number Answered

Percent of People with Each Score

Your Score History

You have not taken this quiz since the last reset